MARC details
| 000 -LEADER |
| fixed length control field |
01437cam a22003495a 4500 |
| 001 - CONTROL NUMBER |
| control field |
3488127 |
| 005 - DATE AND TIME OF LATEST TRANSACTION |
| control field |
20180529125707.0 |
| 008 - FIXED-LENGTH DATA ELEMENTS--GENERAL INFORMATION |
| fixed length control field |
940826s1994 enk frb 001 0 eng d |
| 010 ## - LIBRARY OF CONGRESS CONTROL NUMBER |
| LC control number |
94032596 |
| 020 ## - INTERNATIONAL STANDARD BOOK NUMBER |
| International Standard Book Number |
1856492834 |
| 020 ## - INTERNATIONAL STANDARD BOOK NUMBER |
| International Standard Book Number |
1856492842 (pbk.) |
| 020 ## - INTERNATIONAL STANDARD BOOK NUMBER |
| International Standard Book Number |
9781856492843 |
| 020 ## - INTERNATIONAL STANDARD BOOK NUMBER |
| International Standard Book Number |
8185107912 (New Delhi) |
| 040 ## - CATALOGING SOURCE |
| Original cataloging agency |
DLC |
| Language of cataloging |
eng |
| Transcribing agency |
DLC |
| Modifying agency |
DLC |
| -- |
EG-ScBUE |
| 043 ## - GEOGRAPHIC AREA CODE |
| Geographic area code |
d------ |
| 082 04 - DEWEY DECIMAL CLASSIFICATION NUMBER |
| Classification number |
363.96 |
| Item number |
COR |
| Edition number |
22 |
| 100 1# - MAIN ENTRY--PERSONAL NAME |
| Personal name |
Corrêa, Sonia. |
| 245 10 - TITLE STATEMENT |
| Title |
Population and reproductive rights : |
| Remainder of title |
feminist perspectives from the South / |
| Statement of responsibility, etc |
Sonia Corrêa ; in collaboration with Rebecca Reichmann. |
| 260 ## - PUBLICATION, DISTRIBUTION, ETC. (IMPRINT) |
| Place of publication, distribution, etc |
London ; |
| -- |
Atlantic Highlands, N.J. : |
| Name of publisher, distributor, etc |
Zed Books ; |
| Place of publication, distribution, etc |
New Delhi : |
| Name of publisher, distributor, etc |
Kali for Women in association with DAWN, |
| Date of publication, distribution, etc |
c.1994. |
| 300 ## - PHYSICAL DESCRIPTION |
| Extent |
xiii, 136 p. ; |
| Dimensions |
23 cm. |
| 504 ## - BIBLIOGRAPHY, ETC. NOTE |
| Bibliography, etc |
Includes bibliographical references (p. 113-130) and index. |
| 650 #7 - SUBJECT ADDED ENTRY--TOPICAL TERM |
| Topical term or geographic name as entry element |
Birth control |
| General subdivision |
Moral and ethical aspects. |
| Source of heading or term |
BUEsh |
| 650 #7 - SUBJECT ADDED ENTRY--TOPICAL TERM |
| Topical term or geographic name as entry element |
Birth control |
| General subdivision |
Social aspects |
| Geographic subdivision |
Developing countries. |
| Source of heading or term |
BUEsh |
| 650 #7 - SUBJECT ADDED ENTRY--TOPICAL TERM |
| Topical term or geographic name as entry element |
Human reproduction |
| General subdivision |
Moral and ethical aspects. |
| Source of heading or term |
BUEsh |
| 650 #7 - SUBJECT ADDED ENTRY--TOPICAL TERM |
| Topical term or geographic name as entry element |
Human reproduction |
| General subdivision |
Social aspects |
| Geographic subdivision |
Developing countries. |
| Source of heading or term |
BUEsh |
| 650 #7 - SUBJECT ADDED ENTRY--TOPICAL TERM |
| Topical term or geographic name as entry element |
Fertility, Human |
| General subdivision |
Social aspects |
| Geographic subdivision |
Developing countries. |
| Source of heading or term |
BUEsh |
| 650 #7 - SUBJECT ADDED ENTRY--TOPICAL TERM |
| Topical term or geographic name as entry element |
Reproductive rights |
| Geographic subdivision |
Developing countries. |
| Source of heading or term |
BUEsh |
| 651 #7 - SUBJECT ADDED ENTRY--GEOGRAPHIC NAME |
| Geographic name |
Developing countries |
| General subdivision |
Population policy. |
| Source of heading or term |
BUEsh |
| 653 ## - INDEX TERM--UNCONTROLLED |
| Resource For college |
Generalities |
| Arrived date list |
May2018 |
| 700 1# - ADDED ENTRY--PERSONAL NAME |
| Personal name |
Reichmann, Rebecca Lynn. |
| 942 ## - ADDED ENTRY ELEMENTS (KOHA) |
| Source of classification or shelving scheme |
Dewey Decimal Classification |